Lễ thôi sưởi lửa của sản phụ người Thái Đen, Mường Lò, Yên Bái
Nội dung sách giới thiệu lễ thôi sưởi lửa của người Thái Đen, Mường Lò, Yên Bái. Khái quát kịch sử người Thái Đen, Mường Lò, Yên Bái. Các bài văn cúng.
Αποθηκεύτηκε σε:
| Κύριος συγγραφέας: | |
|---|---|
| Μορφή: | Βιβλίο |
| Γλώσσα: | Undetermined |
| Έκδοση: |
Hà Nội
Văn hóa Dân tộc
2019
|
| Θέματα: | |
| Ετικέτες: |
Προσθήκη ετικέτας
Δεν υπάρχουν, Καταχωρήστε ετικέτα πρώτοι!
|
| Thư viện lưu trữ: | Trung tâm Học liệu Trường Đại học Cần Thơ |
|---|
| LEADER | 00908nam a2200205Ia 4500 | ||
|---|---|---|---|
| 001 | CTU_237580 | ||
| 008 | 210402s9999 xx 000 0 und d | ||
| 082 | |a 390.09597157 | ||
| 082 | |b Ch305 | ||
| 100 | |a Trần, Vân Hạc | ||
| 245 | 0 | |a Lễ thôi sưởi lửa của sản phụ người Thái Đen, Mường Lò, Yên Bái | |
| 245 | 0 | |c Trần Vân Hạc | |
| 260 | |a Hà Nội | ||
| 260 | |b Văn hóa Dân tộc | ||
| 260 | |c 2019 | ||
| 520 | |a Nội dung sách giới thiệu lễ thôi sưởi lửa của người Thái Đen, Mường Lò, Yên Bái. Khái quát kịch sử người Thái Đen, Mường Lò, Yên Bái. Các bài văn cúng. | ||
| 650 | |a Phong tục tập quán,Manners and customs | ||
| 650 | |z Việt Nam,Vietnam | ||
| 910 | |b dqhieu | ||
| 980 | |a Trung tâm Học liệu Trường Đại học Cần Thơ | ||